La cadena productiva de la panela en Cajibío : una mirada desde Asocamp /

Detalles Bibliográficos
Autores principales: Flor Campo, Luis Miguel (Autor), Grass Ramírez, José Fernando (Autor)
Formato: Electrónico eBook
Lenguaje:español
Publicado: Popayán, Colombia : Editorial Universidad del Cauca, 2024.
Edición:Primera edición en español.
Materias:
Acceso en línea:Digitalia Hispánica

MARC

LEADER 00000nam a2200000Ii 4500
001 DIGUCAUCA0186
003 NyNyDIG
006 m o d
007 cr |||||||||||
008 250611s2024 ck a ob 001 0 spa d
035 |a (OCoLC)1524214706 
040 |a DGITA  |b eng  |e rda  |e pn  |c DGITA 
020 |a 9789587326789  |q digital 
020 |z 9789587326772  |q impreso 
043 |a s-ck--- 
050 1 4 |a HD9100 ebook 
100 1 |a Flor Campo, Luis Miguel,  |e author. 
245 1 3 |a La cadena productiva de la panela en Cajibío :  |b una mirada desde Asocamp /  |c Luis Miguel Flor Campo, José Fernando Grass Ramírez. 
250 |a Primera edición en español. 
264 1 |a Popayán, Colombia :  |b Editorial Universidad del Cauca,  |c 2024. 
300 |a 1 online resource :  |b illustrations. 
336 |a text  |b txt  |2 rdacontent 
337 |a computer  |b c  |2 rdamedia 
338 |a online resource  |b cr  |2 rdacarrier 
347 |a text file  |2 rdaft  
347 |b PDF 
504 |a Includes bibliographical references and index. 
588 0 |a Online resource; title from PDF title page (Digitalia, viewed June 11, 2025) 
650 0 |a Sugar trade  |z Colombia  |z Cauca (Department) 
650 0 |a Sugar industry  |z Colombia  |z Cauca (Department) 
700 1 |a Grass Ramírez, José Fernando,  |e author. 
776 0 8 |i Print version:  |a Flor Campo, Luis Miguel.  |t Cadena productiva de la panela en Cajibío.  |b Primera edición en español.  |d Popayán, Colombia : Editorial Universidad del Cauca, 2024  |z 9789587326772 
791 2 |a Digitalia (Firm),  |e distributor. 
793 0 |g Digitalia eBook Collection:  |a Editorial Universidad del Cauca 
856 4 0 |3 Digitalia Hispánica  |u https://www.digitaliapublishing.com/a/173810/ 
910 |a Premium collection: 2025